Vista normal Vista MARC

Entrada Corporate Name

Número de registros utilizados en: 1

001 - CONTROL NUMBER

  • control field: 14198

003 - CONTROL NUMBER IDENTIFIER

  • control field: OSt

005 - DATE AND TIME OF LATEST TRANSACTION

  • control field: 20210301172051.0

008 - FIXED-LENGTH DATA ELEMENTS

  • fixed length control field: 210301|| aca||aabn | a|a d

040 ## - CATALOGING SOURCE

  • Original cataloging agency: OSt
  • Transcribing agency: OSt

110 ## - HEADING--CORPORATE NAME

  • Corporate name or jurisdiction name as entry element: Unilever Andina

670 ## - SOURCE DATA FOUND

  • Source citation: Work cat.: (OSt): Unilever Andina autor, El mundo del sabor : , 2005